Planeamiento de la producción : (Record no. 7140)

000 -CABECERA
fixed length control field 01275nam a22002777a 4500
003 - IDENTIFICADOR DEL NÚMERO DE CONTROL
control field AR-CdUCM
008 - DATOS DE LONGITUD FIJA--INFORMACIÓN GENERAL
fixed length control field 190320b ||||| |||| 00| 0 spa d
040 ## - FUENTE DE LA CATALOGACIÓN
Agencia/entidad que catalogó originalmente la obra MUNICIPALIDAD PROVINCIAL DEL CUSCO
Entidad que transcribió la catalogación BIBLIOTECA MUNICIPAL DEL CUSCO
082 ## - NÚMERO DE LA CLASIFICACIÓN DECIMAL DEWEY
No. de Clasificación 658. /
Notacion interna H75
100 ## - ENTRADA PRINCIPAL--NOMBRE DE PERSONA
Nombre Personal Holt , Charles . C.
245 ## - MENCIÓN DE TÍTULO
Título Planeamiento de la producción :
Resto del título inventarios y mano de obra /
260 ## - PUBLICACIÓN, DISTRIBUCIÓN, ETC.
Lugar de publicación, distribución, etc. México, D.F :
Nombre de la editorial, distribuidor, etc. Herrero Hnos. Sucs,
Fecha de publicación, distribución, etc. 1963.
300 ## - DESCRIPCIÓN FÍSICA
Nº de Páginas Extensión VIIi-XV ,469 paginas ;
Otros detalles físicos Ilustraciones, diagramas, cuadros
Dimensiones 24 cm.
505 ## - NOTA DE CONTENIDO CON FORMATO
Nota de contenido formateada Problemas, métodos y resultados -- Reglas de desciciones para el planteamiento de la producción y la mano de obra -- Estimación de las relaciones entre costos y producción, mano de obra e inventario -- Derivación y calculo de las normas de decisiones -- Decisiones lineales en casos de incertidumbre...
650 ## - PUNTO DE ACCESO ADICIONAL DE MATERIA--TÉRMINO DE MATERIA
Descriptor Produccion
9 (RLIN) 1785
650 ## - PUNTO DE ACCESO ADICIONAL DE MATERIA--TÉRMINO DE MATERIA
Descriptor Inventarios
9 (RLIN) 20128
650 ## - PUNTO DE ACCESO ADICIONAL DE MATERIA--TÉRMINO DE MATERIA
Descriptor Hoja de calculo
9 (RLIN) 20129
700 ## - PUNTO DE ACCESO ADICIONAL--NOMBRE DE PERSONA
Nombre Personal Modigliani , Franco.
9 (RLIN) 20130
700 ## - PUNTO DE ACCESO ADICIONAL--NOMBRE DE PERSONA
Nombre Personal Rivero Caso, Ramón. (Traductor)
9 (RLIN) 20131
700 ## - PUNTO DE ACCESO ADICIONAL--NOMBRE DE PERSONA
Nombre Personal Muth , Jhon F.
9 (RLIN) 20132
700 ## - PUNTO DE ACCESO ADICIONAL--NOMBRE DE PERSONA
Nombre Personal Simon , Herbert Alexander,
9 (RLIN) 20133
942 ## - ELEMENTOS DE PUNTO DE ACCESO ADICIONAL (KOHA)
Fuente de clasificación
Tipo de item Libros-BMC
945 ## - PROCESAMIENTO DE INFORMACIÓN LOCAL (OCLC)
Catalogador wnts
Holdings
Estado de retiro (separado) Fuente de clasificación o esquema de estanterías Estado dañado Ubicación Sala donde se ubica Nombre de la colección Fecha de adquisición o compra Costo, precio normal en soles Signatura topográfica Código de Barras Última vez visto (Koha) Tipo de ítem (Koha)
No     Sala Ciencias Sala Ciencias Book Cart 2019-03-20 55.00 658 / H75 SC0000000346 2019-03-20 Libros-BMC

Powered by Koha